00923nam a2200193 a 450000100100000000500170001000800410002704000250006810000500009324500630014326000400020630000210024650000480026750000610031595201200037695201050049695201110060199900170071200003930620201002031604.0130621s2012 dr 000 0 spa d aDO-SdBNPbspacBNPHU1 aCruz Hernández, Miguel Ángel de la96550110aMuertos con vida :bMiguel Ángel de la Cruz Hernández. a[Santo Domingo] :b[s.n.],c[2012]. a119 p. ;c22 cm. aIncluye datos biográficos del autor en la aIncluye datos biográficos del autor en la antecubierta 001054708DSaGRbGRcCTd2013-06-21iLF1l0o p39306-30r2020-06-25te. 3w2020-06-25yLFDSZPréstamo en sala 0010718PDaPDbPDcCTd2013-06-21iLF1l0o p39306-10r2020-06-25w2020-06-25yLFPDZNo se presta 0010718PDaPDbPDcCTd2013-06-21iLF1l0o p39306-20r2020-06-25te. 2w2020-06-25yLFPDZNo se presta c38796d38796